Statystyki dla Kiedy powstały obecne granice Ukrainy?

Kliknij tutaj aby rozwiązać quiz!

Ogólne statystyki

  • Ten quiz został rozwiązany 4 razy
  • Średni wynik to 6 z 10

Statystyki odpowiedzi

SąsiadRok% Poprawnych
Słowacja1945
100%
Polska1945
100%
Rumunia1940
75%
Białoruś1940
75%
Rumunia1920
50%
Węgry1920
50%
Rosja1921
50%
Mołdawia1924
50%
Mołdawia1681
25%
Rumunia1812
25%

Rozkład punktacji

Percentyl według liczby udzielonych odpowiedzi

Procent ludzi z każdym wynikiem

Twoja historia wyników

Nie rozwiązałeś tego quizu